[Event "DEM U16 2005"]
[Site "Willingen GER"]
[Date "2005.05.15"]
[Round "1"]
[White "Ebert, Manuel"]
[Black "Bindrich, Falko"]
[Result "0-1"]
[Termination "normal"]
[Board "1"]
[BlackTitle "FM"]
[WhiteElo "2064"]
[BlackElo "2339"]
[PlyCount "108"]
[WhiteFideId "24621102"]
[BlackFideId "4676670"]
[EventCountry "GER"]
[EventRounds "9"]
[EventType "swiss"]
[EventDate "2005.05.15"]

1. e4 e5 2. Nf3 Nc6 3. Bb5 a6 4. Ba4 Nge7 5. O-O d6 6. c3 Bd7 7. d4 Ng6 8. Be3
Be7 9. Nbd2 O-O 10. d5 Nb8 11. Bc2 a5 12. a4 f5 13. exf5 Bxf5 14. Bxf5 Rxf5 15.
Ne4 Nd7 16. Nfd2 Nf4 17. Ng3 Rf7 18. Nde4 Nb6 19. Bxb6 cxb6 20. Ne2 Ng6 21. c4
Qd7 22. f3 Raf8 23. b3 Nh4 24. N2g3 Qd8 25. Qd2 Rf4 26. Nh5 R4f5 27. Nhg3 R5f7
28. Kh1 Ng6 29. Ne2 h5 30. Qe3 h4 31. h3 Rf5 32. Rae1 Bg5 33. Qc3 Bh6 34. Qc2
Ne7 35. N2c3 R5f7 36. Nb5 Nf5 37. Qd3 Rd7 38. Nbc3 Qe8 39. Qb1 Be3 40. Ne2 Qg6
41. Qb2 Bc5 42. Nxc5 bxc5 43. Qb1 Qg5 44. Qc1 Qg6 45. Kh2 Rdf7 46. Kh1 Re7 47.
Qb1 Qg5 48. Qc1 Qxc1 49. Rxc1 e4 50. fxe4 Rxe4 51. Nc3 Ng3+ 52. Kg1 Rxf1+ 53.
Rxf1 Re3 54. Rf3 Rxc3 0-1

[Event "DEM U16 2005"]
[Site "Willingen GER"]
[Date "2005.05.15"]
[Round "1"]
[White "Siebarth, Raiko"]
[Black "Böttger, Lukas"]
[Result "1-0"]
[Termination "normal"]
[Board "2"]
[WhiteElo "2216"]
[BlackElo "2062"]
[PlyCount "83"]
[WhiteFideId "4674766"]
[BlackFideId "24620068"]
[EventCountry "GER"]
[EventRounds "9"]
[EventType "swiss"]
[EventDate "2005.05.15"]

1. e4 c5 2. Nf3 d6 3. d4 cxd4 4. Nxd4 Nf6 5. Nc3 a6 6. Be2 e6 7. Be3 Qc7 8. f4
b5 9. a3 Bb7 10. Bf3 Nbd7 11. Qe2 Rc8 12. O-O Qb8 13. Bf2 Qa8 14. Rae1 Be7 15.
g4 Rxc3 16. bxc3 Nc5 17. e5 Bxf3 18. Qxf3 Qxf3 19. Nxf3 Nxg4 20. Bxc5 dxc5 21.
h3 Nh6 22. c4 Nf5 23. cxb5 axb5 24. c3 O-O 25. Rb1 Rb8 26. Rf2 c4 27. Rfb2 Bxa3
28. Rxb5 Rxb5 29. Rxb5 h6 30. Rb8+ Kh7 31. Rc8 Ne3 32. Nd2 Bc1 33. Nxc4 Nd5 34.
f5 exf5 35. Nd6 Kg6 36. c4 Nf4 37. Rc7 Nxh3+ 38. Kg2 Ng5 39. c5 Bb2 40. Nc4 Ne6
41. Re7 Bxe5 42. Rxe6+ 1-0

[Event "DEM U16 2005"]
[Site "Willingen GER"]
[Date "2005.05.15"]
[Round "1"]
[White "Lieder, Konrad"]
[Black "Beck, Frederik"]
[Result "0-1"]
[Termination "normal"]
[Board "3"]
[WhiteElo "2058"]
[BlackElo "2212"]
[PlyCount "82"]
[WhiteFideId "4692721"]
[BlackFideId "4687388"]
[EventCountry "GER"]
[EventRounds "9"]
[EventType "swiss"]
[EventDate "2005.05.15"]

1. d4 Nf6 2. c4 c5 3. d5 b5 4. cxb5 a6 5. bxa6 Bxa6 6. Nc3 d6 7. f4 g6 8. Nf3
Bg7 9. e4 Bxf1 10. Rxf1 O-O 11. Kf2 Nbd7 12. Kg1 Nb6 13. Re1 Ra6 14. Qc2 Qa8
15. a4 Rb8 16. b3 Qb7 17. Rb1 Na8 18. h3 Nc7 19. Be3 Rb6 20. Nd2 Nd7 21. Nc4
Rxb3 22. Nb5 Rxb1 23. Rxb1 Qa6 24. Nxc7 Rxb1+ 25. Qxb1 Qxc4 26. Qb5 Qxe4 27.
Bf2 Bd4 28. Bxd4 Qxd4+ 29. Kh1 Nf6 30. a5 c4 31. Qb1 c3 32. a6 Qf2 33. Qb8+ Kg7
34. a7 c2 35. Qb2 Qf1+ 36. Kh2 Qxf4+ 37. Kh1 c1=Q+ 38. Qxc1 Qxc1+ 39. Kh2 Qa3
40. a8=Q Qxa8 41. Nxa8 Nxd5 0-1

[Event "DEM U16 2005"]
[Site "Willingen GER"]
[Date "2005.05.15"]
[Round "1"]
[White "Lubbe, Nikolas"]
[Black "Alsheimer, Christoph"]
[Result "1/2-1/2"]
[Termination "normal"]
[Board "4"]
[WhiteElo "2205"]
[BlackElo "2031"]
[PlyCount "83"]
[WhiteFideId "4694031"]
[BlackFideId "24605433"]
[EventCountry "GER"]
[EventRounds "9"]
[EventType "swiss"]
[EventDate "2005.05.15"]

1. e4 e6 2. d4 d5 3. Nd2 Nf6 4. e5 Nfd7 5. f4 c5 6. c3 Nc6 7. Ndf3 Qb6 8. g3
cxd4 9. cxd4 Bb4+ 10. Kf2 f6 11. Kg2 g5 12. exf6 Nxf6 13. Nxg5 Nxd4 14. Bd3 e5
15. fxe5 Bg4 16. Qf1 O-O 17. exf6 Rxf6 18. Bf4 Bd6 19. Qf2 Raf8 20. N5h3 Bc5
21. b4 Qxb4 22. Qe1 Qb2+ 23. Qd2 Qxa1 24. Bxh7+ Kxh7 25. Ng5+ Kg8 26. N1h3 Bb4
27. Qxb4 Qxa2+ 28. Nf2 Rxf4 29. gxf4 Rxf4 30. Qe1 Qe2 31. Qxe2 Bxe2 32. Ra1 Rf5
33. h4 a6 34. Ra2 Bc4 35. Rb2 b5 36. Ng4 Rf8 37. h5 Be2 38. Ne3 Bxh5 39. Nxd5
Bf3+ 40. Nxf3 Nxf3 41. Nc7 Nd4 42. Nxa6 1/2-1/2

[Event "DEM U16 2005"]
[Site "Willingen GER"]
[Date "2005.05.15"]
[Round "1"]
[White "Billing, Christian"]
[Black "Figura, Atila Gajo"]
[Result "0-1"]
[Termination "normal"]
[Board "5"]
[WhiteElo "2013"]
[BlackElo "2193"]
[PlyCount "76"]
[WhiteFideId "4697294"]
[BlackFideId "4688058"]
[EventCountry "GER"]
[EventRounds "9"]
[EventType "swiss"]
[EventDate "2005.05.15"]

1. e4 c5 2. Nc3 Nc6 3. g3 g6 4. Bg2 Bg7 5. d3 Rb8 6. f4 d6 7. Nf3 e6 8. O-O
Nge7 9. Rb1 O-O 10. Be3 f5 11. Ne2 b5 12. Nd2 b4 13. e5 dxe5 14. Bxc5 Rb5 15.
Nb3 exf4 16. Bxc6 Rxc5 17. Nxc5 Nxc6 18. c3 fxg3 19. hxg3 Qe7 20. d4 Kh8 21.
Re1 bxc3 22. bxc3 e5 23. Nb3 exd4 24. Nexd4 Qd6 25. Ne2 Qc7 26. Nbd4 Ne5 27.
Qb3 Nd3 28. Rf1 Qe7 29. Rf3 Ne5 30. Rff1 Ng4 31. c4 Rd8 32. Rbe1 Qc5 33. Qd3
Ba6 34. Rf4 Bxc4 35. Qc3 Qd5 36. Qd2 Bxe2 37. Rxe2 Bxd4+ 38. Rxd4 Qxd4+ 0-1

[Event "DEM U16 2005"]
[Site "Willingen GER"]
[Date "2005.05.15"]
[Round "1"]
[White "Rehberg, Raphael"]
[Black "Held, Florian"]
[Result "1-0"]
[Termination "normal"]
[Board "6"]
[WhiteElo "2189"]
[BlackElo "1980"]
[PlyCount "71"]
[WhiteFideId "4686799"]
[BlackFideId "24629090"]
[EventCountry "GER"]
[EventRounds "9"]
[EventType "swiss"]
[EventDate "2005.05.15"]

1. e4 c5 2. Nf3 e6 3. d4 cxd4 4. Nxd4 a6 5. Nc3 b5 6. Bd3 Qb6 7. Be3 Bc5 8. Be2
Nc6 9. Nxc6 dxc6 10. Bxc5 Qxc5 11. Qd3 Nf6 12. O-O-O O-O 13. f4 e5 14. f5 Qb6
15. g4 Nd7 16. g5 Nc5 17. Qf3 b4 18. Nb1 a5 19. Nd2 Ba6 20. Nc4 Qc7 21. Qe3 Na4
22. h4 Bxc4 23. Bxc4 Nb6 24. Qe2 a4 25. g6 Nxc4 26. Qxc4 Rab8 27. Rd2 b3 28.
cxb3 a3 29. gxf7+ Rxf7 30. bxa3 Qa5 31. Rd7 Qxa3+ 32. Kb1 Rbf8 33. Rhd1 Qa8 34.
Re7 Qa5 35. Kb2 Qb5 36. Rxf7 1-0

[Event "DEM U16 2005"]
[Site "Willingen GER"]
[Date "2005.05.15"]
[Round "1"]
[White "Friedrich, Paul-Robert"]
[Black "Abel, Dennes"]
[Result "0-1"]
[Termination "normal"]
[Board "7"]
[WhiteElo "1956"]
[BlackElo "2177"]
[PlyCount "46"]
[WhiteFideId "24616036"]
[BlackFideId "24605417"]
[EventCountry "GER"]
[EventRounds "9"]
[EventType "swiss"]
[EventDate "2005.05.15"]

1. d4 d5 2. c4 c6 3. Nc3 Nf6 4. Nf3 dxc4 5. a4 Bf5 6. Bg5 Qb6 7. Qc1 Na6 8.
Bxf6 gxf6 9. a5 Qc7 10. e4 Bg4 11. Bxc4 Nb4 12. Ne2 e6 13. Qc3 Be7 14. h3 Bxf3
15. gxf3 O-O-O 16. a6 b6 17. Nc1 Rxd4 18. Na2 Qd6 19. Rc1 Nxa2 20. Bxa2 c5 21.
b4 Qe5 22. Ke2 Rhd8 23. Rc2 Rxe4+ 0-1

[Event "DEM U16 2005"]
[Site "Willingen GER"]
[Date "2005.05.15"]
[Round "1"]
[White "Tereick, Benjamin"]
[Black "Gegenfurtner, Jürgen"]
[Result "1-0"]
[Termination "normal"]
[Board "8"]
[WhiteElo "2172"]
[BlackElo "1926"]
[PlyCount "101"]
[WhiteFideId "24607541"]
[EventCountry "GER"]
[EventRounds "9"]
[EventType "swiss"]
[EventDate "2005.05.15"]

1. c4 Nc6 2. Nc3 e5 3. g3 g6 4. Bg2 Bg7 5. Rb1 d6 6. b4 f5 7. d3 Nf6 8. e3 O-O
9. Nge2 Nh5 10. Nd5 g5 11. Nec3 Nf6 12. O-O f4 13. gxf4 exf4 14. exf4 g4 15. f3
gxf3 16. Bxf3 Nd4 17. Bg2 Ng4 18. h3 Nh6 19. Bb2 Nhf5 20. Ne2 c6 21. Nxd4 Nxd4
22. Ne3 Qh4 23. Qe1 Qh5 24. Kh2 Bd7 25. Qg3 Kh8 26. Nc2 Rg8 27. Nxd4 Be5 28.
Qf3 Rxg2+ 29. Kxg2 Rg8+ 30. Kh1 Bg4 31. fxe5 Bxf3+ 32. Rxf3 Qg6 33. Rf2 Qxd3
34. Rc1 dxe5 35. Nf3 Re8 36. Rg1 h5 37. Bxe5+ Rxe5 38. Nxe5 Qe4+ 39. Nf3 Qf5
40. Rg3 h4 41. Rg4 Qb1+ 42. Kg2 Qxb4 43. Nxh4 Qb1 44. Ng6+ Kh7 45. Nf8+ Kh6 46.
Rf6+ Kh5 47. Ne6 Qb2+ 48. Rf2 Qc1 49. Rg5+ Kh4 50. Rg4+ Kh5 51. Rf5+ 1-0

[Event "DEM U16 2005"]
[Site "Willingen GER"]
[Date "2005.05.15"]
[Round "1"]
[White "Rietze, Clemens"]
[Black "Pilat, Daniel"]
[Result "1/2-1/2"]
[Termination "normal"]
[Board "9"]
[WhiteElo "1879"]
[BlackElo "2146"]
[PlyCount "48"]
[WhiteFideId "24620351"]
[BlackFideId "24602116"]
[EventCountry "GER"]
[EventRounds "9"]
[EventType "swiss"]
[EventDate "2005.05.15"]

1. c4 e6 2. d4 d5 3. Nf3 Nf6 4. Nc3 Nbd7 5. Bg5 Be7 6. e3 O-O 7. Bd3 dxc4 8.
Bxc4 a6 9. a4 c5 10. O-O cxd4 11. Nxd4 Nb6 12. Bd3 h6 13. Bh4 Bd7 14. Qb3 Nfd5
15. Bg3 Bc6 16. Nxc6 bxc6 17. Rfd1 Nd7 18. Bc4 Nc5 19. Qc2 Qa5 20. e4 Nb4 21.
Qe2 Rfd8 22. Qg4 Nbd3 23. Qe2 Nb4 24. Qg4 Nbd3 1/2-1/2

[Event "DEM U16 2005"]
[Site "Willingen GER"]
[Date "2005.05.15"]
[Round "1"]
[White "Schneider, David"]
[Black "K, Torben"]
[Result "1-0"]
[Termination "normal"]
[Board "10"]
[WhiteElo "2144"]
[BlackElo "1874"]
[PlyCount "87"]
[WhiteFideId "4697111"]
[BlackFideId "24618454"]
[EventCountry "GER"]
[EventRounds "9"]
[EventType "swiss"]
[EventDate "2005.05.15"]

1. e4 e5 2. Nf3 Nc6 3. Bb5 a6 4. Ba4 Nf6 5. O-O Be7 6. Re1 b5 7. Bb3 O-O 8. a4
Bb7 9. c3 d6 10. d4 Na5 11. Bc2 c5 12. dxe5 dxe5 13. Qxd8 Rfxd8 14. Nxe5 Bxe4
15. Bxe4 Nxe4 16. axb5 axb5 17. Bf4 Kf8 18. f3 Nf6 19. Rxa5 Rxa5 20. Nc6 Ra4
21. Nxd8 Rxf4 22. Nc6 Bd6 23. Na3 b4 24. Nb5 Ne8 25. Ra1 bxc3 26. bxc3 Rf6 27.
Na5 Be5 28. Nc4 Re6 29. Ra8 Ke7 30. Ra7+ Kf6 31. Rd7 Kg6 32. Rd5 Bf4 33. g3
Be3+ 34. Kg2 Nf6 35. Ne5+ Kh6 36. Nxf7+ Kg6 37. Ne5+ Kh6 38. Ng4+ Nxg4 39. fxg4
c4 40. Nd6 Rf6 41. Nf5+ Kg6 42. Nxe3 Re6 43. Kf3 Rf6+ 44. Rf5 1-0

[Event "DEM U16 2005"]
[Site "Willingen GER"]
[Date "2005.05.15"]
[Round "1"]
[White "Kühn, Martin"]
[Black "Baldauf, Marco"]
[Result "0-1"]
[Termination "normal"]
[Board "11"]
[WhiteElo "1758"]
[BlackElo "2134"]
[PlyCount "70"]
[BlackFideId "4688210"]
[EventCountry "GER"]
[EventRounds "9"]
[EventType "swiss"]
[EventDate "2005.05.15"]

1. d4 Nf6 2. c4 c5 3. e3 g6 4. Nf3 Bg7 5. Nc3 O-O 6. Bd3 cxd4 7. exd4 d5 8. h3
Nc6 9. Be3 h6 10. O-O Nb4 11. c5 Nxd3 12. Qxd3 Bf5 13. Qd2 Kh7 14. Nh4 Ne4 15.
Nxe4 Bxe4 16. f3 e5 17. fxe4 Qxh4 18. dxe5 Qxe4 19. Rf4 Qxe5 20. Bd4 Qg5 21.
Raf1 Rad8 22. Qf2 Rd7 23. b4 Re7 24. h4 Qh5 25. g4 Bxd4 26. Qxd4 Qxh4 27. Qxd5
Kg8 28. Qd3 h5 29. Kg2 Rfe8 30. Qd5 Re2+ 31. R1f2 Rxf2+ 32. Rxf2 Qxg4+ 33. Kf1
Qh3+ 34. Rg2 Qh1+ 35. Kf2 Qe1+ 0-1

[Event "DEM U16 2005"]
[Site "Willingen GER"]
[Date "2005.05.15"]
[Round "1"]
[White "Sohl, Jan"]
[Black "Glantz, Robert"]
[Result "0-1"]
[Termination "normal"]
[Board "12"]
[WhiteElo "2121"]
[BlackElo "1731"]
[PlyCount "58"]
[WhiteFideId "4698070"]
[BlackFideId "24629596"]
[EventCountry "GER"]
[EventRounds "9"]
[EventType "swiss"]
[EventDate "2005.05.15"]

1. e4 c5 2. Nf3 d6 3. d4 cxd4 4. Nxd4 Nf6 5. Nc3 a6 6. Bc4 e6 7. Bb3 b5 8. O-O
Be7 9. f4 O-O 10. f5 b4 11. fxe6 bxc3 12. exf7+ Kh8 13. Qf3 Qc7 14. bxc3 Nc6
15. e5 Nxd4 16. cxd4 Bb7 17. Qg3 Ne4 18. Qf4 dxe5 19. dxe5 Bc5+ 20. Kh1 Rad8
21. Qf5 Qc6 22. Qg4 Rd1 23. Be3 Rxa1 24. Rxa1 Bxe3 25. Rf1 Nf2+ 26. Rxf2 Bxf2
27. e6 Bc5 28. c3 Be7 29. h4 Qxc3 0-1

[Event "DEM U16 2005"]
[Site "Willingen GER"]
[Date "2005.05.15"]
[Round "1"]
[White "Braun, Konstantin"]
[Black "Völbel, Patrick"]
[Result "0-1"]
[Termination "normal"]
[Board "13"]
[WhiteElo "1662"]
[BlackElo "2108"]
[PlyCount "34"]
[BlackFideId "24622583"]
[EventCountry "GER"]
[EventRounds "9"]
[EventType "swiss"]
[EventDate "2005.05.15"]

1. e4 c5 2. d4 cxd4 3. c3 dxc3 4. Nxc3 d6 5. Bc4 e6 6. Nf3 Qc7 7. Qe2 a6 8. O-O
Nc6 9. Bf4 Nge7 10. Rfd1 Ng6 11. Bg3 Be7 12. Rac1 O-O 13. Nd4 Bg5 14. Rc2 Nb4
15. Rcd2 Bxd2 16. Rxd2 Ne5 17. Bxe5 dxe5 0-1

[Event "DEM U16 2005"]
[Site "Willingen GER"]
[Date "2005.05.15"]
[Round "1"]
[White "Dinger, Florian"]
[Black "Isakson, Alex"]
[Result "1-0"]
[Termination "normal"]
[Board "14"]
[WhiteElo "2099"]
[BlackElo "1582"]
[PlyCount "111"]
[WhiteFideId "24605573"]
[BlackFideId "24637351"]
[EventCountry "GER"]
[EventRounds "9"]
[EventType "swiss"]
[EventDate "2005.05.15"]

1. e4 c5 2. Nf3 Nc6 3. Bb5 e6 4. Bxc6 bxc6 5. d3 Nf6 6. e5 Nd5 7. Nbd2 d6 8.
Nc4 Ba6 9. Qe2 Bxc4 10. dxc4 Nb6 11. exd6 Bxd6 12. Qe4 Qc7 13. b3 O-O 14. Bb2
Nc8 15. Kf1 Ne7 16. h4 Rfe8 17. h5 Rad8 18. Ng5 Nf5 19. g4 h6 20. gxf5 hxg5 21.
h6 e5 22. hxg7 Kxg7 23. f6+ Kxf6 24. Rh6+ Ke7 25. Qf5 Rg8 26. Rd1 Kf8 27. Rd3
Qe7 28. f3 Bc7 29. Rxc6 Rxd3 30. cxd3 Bd6 31. Rc8+ Kg7 32. Rxg8+ Kxg8 33. Bc1
f6 34. Kg2 Kf7 35. Kf2 Qf8 36. Ke3 Ke7 37. Ke4 Qf7 38. Qc8 Qe6 39. Qb7+ Qd7 40.
Qxd7+ Kxd7 41. Kf5 Ke7 42. Bd2 Kf7 43. a3 a5 44. Bxa5 Ke7 45. Bd2 Kf7 46. b4
cxb4 47. axb4 Ke7 48. b5 Bc5 49. Ba5 Bd4 50. Bb4+ Kf7 51. Bd6 Ke8 52. Ke6 Kd8
53. Be7+ Kc7 54. Bxf6 e4 55. Bxd4 exf3 56. Kf5 1-0

[Event "DEM U16 2005"]
[Site "Willingen GER"]
[Date "2005.05.15"]
[Round "2"]
[White "Bindrich, Falko"]
[Black "Tereick, Benjamin"]
[Result "1-0"]
[Termination "normal"]
[Board "1"]
[WhiteTitle "FM"]
[WhiteElo "2339"]
[BlackElo "2172"]
[PlyCount "149"]
[WhiteFideId "4676670"]
[BlackFideId "24607541"]
[EventCountry "GER"]
[EventRounds "9"]
[EventType "swiss"]
[EventDate "2005.05.15"]

1. e4 e6 2. d4 d5 3. Nc3 Nf6 4. e5 Nfd7 5. Nce2 c5 6. f4 Nc6 7. Nf3 Qb6 8. c3
f6 9. a3 a5 10. f5 cxd4 11. cxd4 Ndxe5 12. dxe5 fxe5 13. Nc3 d4 14. Na4 Qd8 15.
Bb5 Bd6 16. fxe6 Bxe6 17. Ng5 O-O 18. Qh5 Bf5 19. Bc4+ Kh8 20. Nf7+ Rxf7 21.
Bxf7 g6 22. Qe2 d3 23. Qf2 Nd4 24. O-O b5 25. Nc3 Nc2 26. Be3 Qe7 27. Nxb5 Nxe3
28. Nxd6 Nxf1 29. Bd5 Rf8 30. Nf7+ Rxf7 31. Bxf7 Nxh2 32. Kxh2 Qxf7 33. b4 Qc7
34. Qg3 Qc3 35. Rb1 Qd4 36. Rd1 axb4 37. axb4 Qxb4 38. Qxe5+ Kg8 39. Qg3 Qd4
40. Qb8+ Kg7 41. Qc7+ Kh6 42. Qc1+ g5 43. Qc6+ Kg7 44. Qb7+ Kg6 45. Qc6+ Kg7
46. Qb7+ Kg6 47. Qa6+ Kg7 48. Qb7+ Kg6 49. Qf3 Qh4+ 50. Kg1 Qd4+ 51. Qf2 Qxf2+
52. Kxf2 g4 53. Ke3 Kg5 54. g3 h5 55. Rh1 Bg6 56. Ra1 Kf6 57. Ra6+ Kg7 58. Rd6
Kf7 59. Kf4 Ke7 60. Rd5 Ke6 61. Rd4 Kf6 62. Ra4 Ke6 63. Ra6+ Kd7 64. Ke3 Bf5
65. Rf6 Be6 66. Rh6 Bf7 67. Kxd3 Ke7 68. Kd4 Bb3 69. Rxh5 Bd1 70. Ke5 Kd7 71.
Rh7+ Kc6 72. Rg7 Bf3 73. Kf4 Kd6 74. Rxg4 Bxg4 75. Kxg4 1-0

[Event "DEM U16 2005"]
[Site "Willingen GER"]
[Date "2005.05.15"]
[Round "2"]
[White "Baldauf, Marco"]
[Black "Siebarth, Raiko"]
[Result "1-0"]
[Termination "normal"]
[Board "2"]
[WhiteElo "2134"]
[BlackElo "2216"]
[PlyCount "79"]
[WhiteFideId "4688210"]
[BlackFideId "4674766"]
[EventCountry "GER"]
[EventRounds "9"]
[EventType "swiss"]
[EventDate "2005.05.15"]

1. e4 c5 2. Nf3 d6 3. d4 cxd4 4. Nxd4 Nf6 5. Nc3 a6 6. Be3 e5 7. Nb3 Be7 8. f3
Be6 9. Nd5 Bxd5 10. exd5 Nbd7 11. c4 O-O 12. Qd2 Ne8 13. Be2 f5 14. O-O b6 15.
Nc1 a5 16. b3 f4 17. Bf2 Bh4 18. Bd3 Bxf2+ 19. Qxf2 Qg5 20. Ne2 Nef6 21. Nc3
Rab8 22. Qc2 h5 23. a3 Qh6 24. Bf5 Kh8 25. Nb5 g5 26. Rad1 Rg8 27. Nxd6 Qf8 28.
Ne4 Nc5 29. Nxf6 Qxf6 30. b4 axb4 31. axb4 Na6 32. Be6 Rgd8 33. Rfe1 Nc7 34.
Qf5 Qxf5 35. Bxf5 b5 36. d6 Na6 37. c5 Nxb4 38. Rxe5 Na6 39. c6 Rb6 40. Bd7 1-0

[Event "DEM U16 2005"]
[Site "Willingen GER"]
[Date "2005.05.15"]
[Round "2"]
[White "Beck, Frederik"]
[Black "Schneider, David"]
[Result "1/2-1/2"]
[Termination "normal"]
[Board "3"]
[WhiteElo "2212"]
[BlackElo "2144"]
[PlyCount "61"]
[WhiteFideId "4687388"]
[BlackFideId "4697111"]
[EventCountry "GER"]
[EventRounds "9"]
[EventType "swiss"]
[EventDate "2005.05.15"]

1. e4 e5 2. Nf3 Nf6 3. Nxe5 d6 4. Nf3 Nxe4 5. c4 Be7 6. Nc3 Nxc3 7. dxc3 O-O 8.
Bd3 Re8 9. Be3 Nd7 10. Qc2 h6 11. O-O-O Bf6 12. h3 Ne5 13. Nxe5 Rxe5 14. Kb1
Bd7 15. Bd4 Re8 16. Rde1 Rxe1+ 17. Rxe1 Be6 18. b3 a5 19. Bh7+ Kf8 20. Bf5 Bxd4
21. cxd4 Qf6 22. Bxe6 fxe6 23. a4 Qf5 24. Qxf5+ exf5 25. Kc2 Re8 26. Rxe8+ Kxe8
27. Kd3 c6 28. d5 c5 29. Ke3 Ke7 30. f4 Kf6 31. h4 1/2-1/2

[Event "DEM U16 2005"]
[Site "Willingen GER"]
[Date "2005.05.15"]
[Round "2"]
[White "Figura, Atila Gajo"]
[Black "Völbel, Patrick"]
[Result "1-0"]
[Termination "normal"]
[Board "4"]
[WhiteElo "2193"]
[BlackElo "2108"]
[PlyCount "81"]
[WhiteFideId "4688058"]
[BlackFideId "24622583"]
[EventCountry "GER"]
[EventRounds "9"]
[EventType "swiss"]
[EventDate "2005.05.15"]

1. d4 d5 2. c4 e6 3. Nc3 Nf6 4. cxd5 exd5 5. Bg5 Be7 6. e3 O-O 7. Bd3 Nbd7 8.
Nf3 c6 9. Qc2 Re8 10. Bf4 Nf8 11. h3 Ng6 12. Bh2 Bd6 13. Bxd6 Qxd6 14. O-O-O
Bd7 15. g4 Qe7 16. Nd2 b6 17. g5 Ne4 18. Ndxe4 dxe4 19. Nxe4 Rac8 20. Nc3 Qxg5
21. h4 Qh6 22. Kb1 Ne7 23. Ka1 Be6 24. Ne4 Bd5 25. Rhg1 c5 26. dxc5 f5 27. Nc3
Rxc5 28. Qa4 Bc6 29. Qxa7 Bf3 30. Qd7 Kf8 31. Be2 Bc6 32. Qd4 Ra8 33. Bc4 f4
34. Bb3 Nf5 35. Qb4 Qf6 36. Ne4 Bxe4 37. Qxe4 Rac8 38. Qxf4 h6 39. h5 Rb5 40.
Rd7 Ra8 41. Rf7+ 1-0

[Event "DEM U16 2005"]
[Site "Willingen GER"]
[Date "2005.05.15"]
[Round "2"]
[White "Glantz, Robert"]
[Black "Rehberg, Raphael"]
[Result "0-1"]
[Termination "normal"]
[Board "5"]
[WhiteElo "1731"]
[BlackElo "2189"]
[PlyCount "70"]
[WhiteFideId "24629596"]
[BlackFideId "4686799"]
[EventCountry "GER"]
[EventRounds "9"]
[EventType "swiss"]
[EventDate "2005.05.15"]

1. e4 c5 2. Nf3 e6 3. d4 cxd4 4. Nxd4 a6 5. Bd3 Nf6 6. O-O Qc7 7. c4 Nc6 8. Be3
Nxd4 9. Bxd4 Bd6 10. h3 Be5 11. Bxe5 Qxe5 12. Nc3 d6 13. Qd2 Qc5 14. Rac1 Bd7
15. Rfd1 O-O 16. Be2 Bc6 17. Qxd6 Qxd6 18. Rxd6 Nxe4 19. Nxe4 Bxe4 20. Rcd1
Rfc8 21. Bd3 Bc6 22. Bb1 Kf8 23. f3 Ke7 24. b3 a5 25. Kf2 a4 26. b4 a3 27. Bc2
Bd5 28. Rb6 Rxc4 29. Bb3 Rc7 30. Bxd5 exd5 31. Rxd5 Rc2+ 32. Ke3 Rxg2 33. Re5+
Kf8 34. Ra5 Rxa5 35. bxa5 Rb2 0-1

[Event "DEM U16 2005"]
[Site "Willingen GER"]
[Date "2005.05.15"]
[Round "2"]
[White "Abel, Dennes"]
[Black "Dinger, Florian"]
[Result "1-0"]
[Termination "normal"]
[Board "6"]
[WhiteElo "2177"]
[BlackElo "2099"]
[PlyCount "61"]
[WhiteFideId "24605417"]
[BlackFideId "24605573"]
[EventCountry "GER"]
[EventRounds "9"]
[EventType "swiss"]
[EventDate "2005.05.15"]

1. e4 c5 2. Nf3 d6 3. d4 cxd4 4. Nxd4 Nf6 5. Nc3 a6 6. Bg5 e6 7. f4 h6 8. Bh4
Be7 9. Qf3 Qc7 10. O-O-O Nbd7 11. g4 g5 12. fxg5 Ne5 13. Qg3 Nfxg4 14. gxh6
Bxh4 15. Qxh4 Rxh6 16. Qg5 Qe7 17. Qd2 Qh4 18. Rg1 Qf2 19. Be2 Rg6 20. h3 Ne3
21. Bb5+ axb5 22. Qxf2 Nxd1 23. Kxd1 b4 24. Rxg6 Nxg6 25. Ncb5 Ke7 26. a3 bxa3
27. Nxa3 Bd7 28. Nc4 Rh8 29. Qg3 Ne5 30. Nxe5 dxe5 31. Nf3 1-0

[Event "DEM U16 2005"]
[Site "Willingen GER"]
[Date "2005.05.15"]
[Round "2"]
[White "Pilat, Daniel"]
[Black "Lubbe, Nikolas"]
[Result "1/2-1/2"]
[Termination "normal"]
[Board "7"]
[WhiteElo "2146"]
[BlackElo "2205"]
[PlyCount "54"]
[WhiteFideId "24602116"]
[BlackFideId "4694031"]
[EventCountry "GER"]
[EventRounds "9"]
[EventType "swiss"]
[EventDate "2005.05.15"]

1. e4 d5 2. exd5 Qxd5 3. Nc3 Qa5 4. d4 Nf6 5. Nf3 Bf5 6. Bc4 e6 7. Bd2 c6 8.
Nd5 Qd8 9. Nxf6+ Qxf6 10. Qe2 Bg4 11. O-O-O Be7 12. h3 Bxf3 13. gxf3 Nd7 14.
Rhg1 h6 15. Rg4 Nb6 16. Bd3 g6 17. c4 O-O-O 18. Be3 Qg7 19. d5 cxd5 20. c5 Nd7
21. Ba6 Bxc5 22. Qb5 Bxe3+ 23. fxe3 bxa6 24. Qxa6+ Kb8 25. Rb4+ Nb6 26. Rxb6+
axb6 27. Qxb6+ Kc8 1/2-1/2

[Event "DEM U16 2005"]
[Site "Willingen GER"]
[Date "2005.05.15"]
[Round "2"]
[White "Alsheimer, Christoph"]
[Black "Rietze, Clemens"]
[Result "1-0"]
[Termination "normal"]
[Board "8"]
[WhiteElo "2031"]
[BlackElo "1879"]
[PlyCount "69"]
[WhiteFideId "24605433"]
[BlackFideId "24620351"]
[EventCountry "GER"]
[EventRounds "9"]
[EventType "swiss"]
[EventDate "2005.05.15"]

1. d4 Nf6 2. Nf3 g6 3. c4 Bg7 4. Nc3 d5 5. e3 O-O 6. Qb3 dxc4 7. Bxc4 c5 8. O-O
Nc6 9. Ne5 Nxe5 10. dxe5 Ng4 11. f4 a6 12. a4 Rb8 13. Rd1 Qa5 14. Bd2 Bd7 15.
e6 Bc6 16. exf7+ Kh8 17. Ne4 Qc7 18. Ng5 b5 19. axb5 axb5 20. Be2 Bd7 21. Ba5
Qc8 22. Bc3 Nf6 23. Be5 Rb6 24. Bf3 Bc6 25. Bxc6 Qxc6 26. Ra7 c4 27. Qc3 h6 28.
Nf3 Rxf7 29. Bd4 Ne4 30. Qc2 Rb7 31. Ne5 Bxe5 32. Bxe5+ Rf6 33. Rxb7 Qxb7 34.
Rd4 Nc5 35. Qxg6 1-0

[Event "DEM U16 2005"]
[Site "Willingen GER"]
[Date "2005.05.15"]
[Round "2"]
[White "Friedrich, Paul-Robert"]
[Black "Sohl, Jan"]
[Result "0-1"]
[Termination "normal"]
[Board "9"]
[WhiteElo "1956"]
[BlackElo "2121"]
[PlyCount "90"]
[WhiteFideId "24616036"]
[BlackFideId "4698070"]
[EventCountry "GER"]
[EventRounds "9"]
[EventType "swiss"]
[EventDate "2005.05.15"]

1. d4 Nf6 2. c4 g6 3. Nc3 Bg7 4. e4 d6 5. Be2 O-O 6. Nf3 Nc6 7. O-O e5 8. d5
Ne7 9. Ne1 Nd7 10. Be3 f5 11. f3 f4 12. Bf2 g5 13. Nd3 Nf6 14. a4 Ng6 15. c5 h5
16. cxd6 cxd6 17. h3 Rf7 18. a5 Nh4 19. Nb5 Bf8 20. Nxa7 Bd7 21. a6 bxa6 22.
Rxa6 Qe8 23. Nb4 Rg7 24. Nac6 Rxa6 25. Nxa6 Qg6 26. b4 Nxg2 27. Kxg2 g4 28. Kh1
g3 29. Rg1 Qg5 30. Bxg3 fxg3 31. Kg2 h4 32. Qc1 Qg6 33. Nc5 dxc5 34. Nxe5 Qe8
35. Nxd7 Nxd7 36. Qh6 Qe7 37. d6 Qf7 38. Rc1 Qa2 39. Qe3 cxb4 40. Kg1 Qb2 41.
Rc7 Qa1+ 42. Kg2 Qf6 43. Rc6 Ne5 44. Ra6 Rd7 45. f4 Qh6 0-1